MS/Thesis: Formal Analysis of the Impact of Feeding on Phagocyte Circadian Oscillators (Record no. 24725)

000 -LEADER
fixed length control field 00468nam a22001457a 4500
003 - CONTROL NUMBER IDENTIFIER
control field NUST
008 - FIXED-LENGTH DATA ELEMENTS--GENERAL INFORMATION
fixed length control field 141030b xxu||||| |||| 00| 0 eng d
038 ## - RECORD CONTENT LICENSOR
Staff Name Nusrat Nadeem
082 ## - DEWEY DECIMAL CLASSIFICATION NUMBER
Classification number 004.12 SAM
100 ## - MAIN ENTRY--PERSONAL NAME
Personal name Samar Hayat Khan Tareen
9 (RLIN) 22854
245 ## - TITLE STATEMENT
Title MS/Thesis: Formal Analysis of the Impact of Feeding on Phagocyte Circadian Oscillators
Statement of responsibility, etc. Samar Hayat Khan Treen
260 ## - PUBLICATION, DISTRIBUTION, ETC.
Place of publication, distribution, etc. Islamabad
Name of publisher, distributor, etc. RCMS NUST
Date of publication, distribution, etc. 2014
700 ## - ADDED ENTRY--PERSONAL NAME
Relator code Dr.Jamil Ahmad (Supervisor)
942 ## - ADDED ENTRY ELEMENTS (KOHA)
Source of classification or shelving scheme
Koha item type Thesis
Holdings
Withdrawn status Lost status Source of classification or shelving scheme Damaged status Not for loan Permanent Location Current Location Shelving location Date acquired Total Checkouts Full call number Barcode Date last seen Date last checked out Price effective from Koha item type
          Central Library (CL) Central Library (CL) Thesis 10/14/2019   004 CL-T-3329 10/14/2019   10/14/2019 Thesis
          School of Interdisciplinary Engineering and Sciences (SINES) School of Interdisciplinary Engineering and Sciences (SINES) Thesis 10/30/2014 1 004.12 SAM RCMS002790 05/19/2016 03/18/2016 10/30/2014 Thesis
© 2023 Central Library, National University of Sciences and Technology. All Rights Reserved.